000 00766nam a22002657a 4500
001 BR9605092
003 BR-BrBNA
005 20230928095051.0
007 ta
008 230509b bl.||||| |||| 00| 0 por d
040 _aBR-BrBNA
_bpor
_cBiblioteca Nacional de Agricultura
041 _a(Por)
072 _aE14; L01
090 _ E14 BR9605092
110 1 _aConselho Nacional de Desenvolvimento da Pecuaria, Belo Horizonte, MG (Brasil)
_92665
245 1 _aAvaliacao do programa CONDEPE, BID, 205. SF/BR
260 3 _aBelo Horizonte, MG (Brasil):
_c1973.
300 _a157 p.
650 _aBovino
650 _aProjeto de Desenvolvimento
650 _aProjeto Agricola
650 _aMinas Gerais
909 _a202309
_bLucia
_c55
_dLucia Elande
942 _cBK
999 _c54314
_d54314